Statistiques concernant Pays du monde commençant par Q, R, S et T

Cliquez ici pour prendre le quiz!

Statistiques générales

  • Ce quiz a été pris 464 fois
    (360 depuis la dernière actualisation)
  • Le résultat moyen est 35 sur 46

Réponses sur la Carte

Les réponses sont colorées sur une échelle allant du rouge au vert en fonction du pourcentage des utilisateurs qui les ont devinées à leur premier essai. Vous pouvez retrouver ces pourcentages ci-dessous.
 

Statistiques - réponses

Pays% Correct
Qatar
98%
Russie
92%
Roumanie
90%
Rwanda
90%
Turquie
89%
Soudan
87%
Suède
87%
Turkménistan
87%
Slovaquie
85%
Somalie
85%
Soudan du Sud
85%
Suriname
85%
Slovénie
84%
Tunisie
84%
Suisse
81%
Tanzanie
81%
Tadjikistan
80%
République tchèque
79%
Sainte-Lucie
79%
Saint-Marin
79%
Togo
79%
République démocratique du Congo
78%
Serbie
78%
Saint-Vincent-et-les-Grenadines
77%
Seychelles
75%
Thaïlande
75%
Tuvalu
75%
Saint-Christophe- et-Niévès
74%
République dominicaine
73%
République du Congo
73%
Syrie
73%
Sénégal
72%
Sri Lanka
71%
Salvador
70%
Tonga
70%
Sao Tomé-et-Principe
69%
Taïwan
69%
Samoa
68%
Sierra Leone
68%
Trinité-et-Tobago
68%
République Centrafricaine
65%
Tchad
64%
Singapour
63%
Royaume-Uni
61%
Salomon
60%
Timor oriental
60%

Distribution des résultats

Percentile par nombre de réponses

% des personnes avec chaque résultat

Votre développement - résultats

Vous n’avez pas pris ce quiz depuis la dernière actualisation